| 000 | 00509nam a22001937a 4500 | ||
|---|---|---|---|
| 999 |
_c6820 _d6820 |
||
| 003 | OSt | ||
| 005 | 20210317125257.0 | ||
| 008 | 210317b ||||| |||| 00| 0 eng d | ||
| 020 | _a9780273722854 | ||
| 040 |
_aMUST _cMUST |
||
| 082 | _a658.3 HUM 2010 | ||
| 100 |
_aClaydon. _913978 |
||
| 245 |
_aHuman resource management _bA contemporary approach _cJulie Beardwell & Tim Claydon |
||
| 250 | _aSixth | ||
| 300 |
_axxii, p709 _c26 cm |
||
| 500 | _aincludes ill | ||
| 650 | _2Management | ||
| 942 |
_2ddc _cSLOAN |
||